[Event "DEM U14 2018"]
[Site "Willingen GER"]
[Date "2018.05.23"]
[Round "5"]
[White "Pahl, Erik"]
[Black "Weihrauch, Jakob"]
[Result "1-0"]
[Termination "normal"]
[Board "5"]
[WhiteElo "2053"]
[BlackElo "2136"]
[WhiteClock "00:43:23"]
[BlackClock "00:36:13"]
[PlyCount "42"]
[WhiteFideId "16201272"]
[BlackFideId "16210115"]
[EventCountry "GER"]
[EventRounds "9"]
[EventType "swiss"]
[EventDate "2018.05.19"]

1. Nf3 {[%clk 1:29:39]} 1... Nf6 {[%clk 1:30:33]} 2. c4 {[%clk 1:29:51]} 2...
b6 {[%clk 1:30:06]} 3. g3 {[%clk 1:29:46]} 3... Bb7 {[%clk 1:30:31]} 4. Bg2 {
[%clk 1:30:11]} 4... e6 {[%clk 1:30:52]} 5. Nc3 {[%clk 1:29:35]} 5... d5 {
[%clk 1:25:15]} 6. cxd5 {[%clk 1:26:30]} 6... exd5 {[%clk 1:24:31]} 7. d4 {
[%clk 1:25:40]} 7... Bd6 {[%clk 1:20:22]} 8. O-O {[%clk 1:24:49]} 8... c6 {
[%clk 1:19:40]} 9. Re1 {[%clk 1:15:09]} 9... O-O {[%clk 1:17:25]} 10. Bf4 {
[%clk 1:13:17]} 10... Bxf4 {[%clk 1:15:46]} 11. gxf4 {[%clk 1:13:42]} 11... Qd6
{[%clk 1:10:13]} 12. Qd2 {[%clk 1:09:13]} 12... Nh5 {[%clk 1:02:07]} 13. e3 {
[%clk 1:08:05]} 13... Bc8 {[%clk 0:56:47]} 14. Ne5 {[%clk 1:02:03]} 14... Qh6 {
[%clk 0:48:33]} 15. Nxd5 {[%clk 0:52:12]} 15... cxd5 {[%clk 0:46:20]} 16. Bxd5
{[%clk 0:52:14]} 16... Bh3 {[%clk 0:39:44]} 17. Bxa8 {[%clk 0:49:42]} 17... Nd7
{[%clk 0:39:39]} 18. Bf3 {[%clk 0:47:57]} 18... Nxe5 {[%clk 0:39:49]} 19. dxe5
{[%clk 0:46:00]} 19... f6 {[%clk 0:37:07]} 20. Qd5+ {[%clk 0:44:09]} 20... Kh8
{[%clk 0:37:32]} 21. e6 {[%clk 0:43:23]} 21... Re8 {[%clk 0:36:13]} 1-0

[Event "DEM U14 2018"]
[Site "Willingen GER"]
[Date "2018.05.23"]
[Round "5"]
[White "Musiolik, David"]
[Black "Nguyen, Alex Dac-Vuong"]
[Result "0-1"]
[Termination "normal"]
[Board "6"]
[WhiteElo "2089"]
[BlackElo "2167"]
[WhiteClock "00:00:32"]
[BlackClock "00:08:14"]
[PlyCount "72"]
[WhiteFideId "12972355"]
[BlackFideId "12984388"]
[EventCountry "GER"]
[EventRounds "9"]
[EventType "swiss"]
[EventDate "2018.05.19"]

1. e4 {[%clk 1:30:54]} 1... e6 {[%clk 1:30:29]} 2. d4 2... d5 {[%clk 1:30:53]}
3. e5 {[%clk 1:31:42]} 3... c5 {[%clk 1:31:16]} 4. c3 {[%clk 1:32:08]} 4... Nc6
{[%clk 1:31:34]} 5. Nf3 {[%clk 1:32:07]} 5... Bd7 {[%clk 1:31:57]} 6. a3 {
[%clk 1:19:59]} 6... f6 {[%clk 1:32:13]} 7. b4 {[%clk 1:17:45]} 7... cxd4 {
[%clk 1:26:01]} 8. cxd4 {[%clk 1:16:51]} 8... fxe5 {[%clk 1:25:08]} 9. dxe5 {
[%clk 1:16:45]} 9... Qc7 {[%clk 1:24:30]} 10. Bf4 {[%clk 1:10:05]} 10... a5 {
[%clk 1:18:17]} 11. b5 {[%clk 1:06:04]} 11... Na7 {[%clk 1:18:11]} 12. Qb3 {
[%clk 0:59:43]} 12... Bc5 {[%clk 1:14:31]} 13. Nc3 {[%clk 0:57:42]} 13... Ne7 {
[%clk 0:54:08]} 14. Bd3 {[%clk 0:45:55]} 14... O-O {[%clk 0:52:15]} 15. Bg3 {
[%clk 0:44:06]} 15... Nf5 {[%clk 0:36:33]} 16. Nxd5 {[%clk 0:26:00]} 16... exd5
{[%clk 0:36:53]} 17. Qxd5+ {[%clk 0:26:15]} 17... Kh8 {[%clk 0:37:09]} 18. e6 {
[%clk 0:24:58]} 18... Bxf2+ {[%clk 0:33:06]} 19. Kd2 {[%clk 0:14:41]} 19...
Be3+ {[%clk 0:24:06]} 20. Ke2 {[%clk 0:13:27]} 20... Bf4 {[%clk 0:09:55]} 21.
Bxf4 {[%clk 0:06:24]} 21... Qxf4 {[%clk 0:10:16]} 22. exd7 {[%clk 0:06:09]}
22... Ne3 {[%clk 0:08:03]} 23. Qe4 {[%clk 0:03:30]} 23... Qxe4 {[%clk 0:08:27]}
24. Bxe4 {[%clk 0:03:59]} 24... Nxg2 {[%clk 0:08:51]} 25. Bxb7 {[%clk 0:03:09]}
25... Rab8 {[%clk 0:09:10]} 26. Ne5 {[%clk 0:02:29]} 26... Nf4+ {[%clk 0:08:47]
} 27. Ke3 {[%clk 0:02:25]} 27... Nxb5 {[%clk 0:07:54]} 28. Rhf1 {[%clk 0:01:26]
} 28... g5 {[%clk 0:07:44]} 29. Nc6 {[%clk 0:01:14]} 29... Rxb7 {[%clk 0:08:07]
} 30. d8=Q {[%clk 0:01:17]} 30... Rxd8 {[%clk 0:08:30]} 31. Nxd8 { [%clk
0:01:46]} 31... Re7+ {[%clk 0:08:46]} 32. Kf2 {[%clk 0:00:53]} 32... Re2+
{[%clk 0:08:50]} 33. Kg3 {[%clk 0:00:43]} 33... Nd6 {[%clk 0:07:50]} 34. Rad1 {
[%clk 0:00:35]} 34... Nf5+ {[%clk 0:07:51]} 35. Kf3 {[%clk 0:00:39]} 35... Nh4+
{[%clk 0:07:50]} 36. Kg4 {[%clk 0:00:32]} 36... Rg2# {[%clk 0:08:14]} 0-1

[Event "DEM U14 2018"]
[Site "Willingen GER"]
[Date "2018.05.23"]
[Round "5"]
[White "Post, Hugo"]
[Black "Colbow, Collin"]
[Result "1/2-1/2"]
[Termination "normal"]
[Board "7"]
[WhiteElo "1983"]
[BlackElo "2148"]
[WhiteClock "00:03:26"]
[BlackClock "00:01:17"]
[PlyCount "76"]
[WhiteFideId "12962490"]
[BlackFideId "16201132"]
[EventCountry "GER"]
[EventRounds "9"]
[EventType "swiss"]
[EventDate "2018.05.19"]

1. e4 {[%clk 1:30:43]} 1... e5 {[%clk 1:30:52]} 2. Nf3 {[%clk 1:30:44]} 2...
Nc6 {[%clk 1:31:13]} 3. Bb5 {[%clk 1:30:55]} 3... a6 {[%clk 1:31:27]} 4. Ba4 {
[%clk 1:31:13]} 4... Nf6 {[%clk 1:31:44]} 5. O-O {[%clk 1:31:05]} 5... Be7 {
[%clk 1:31:41]} 6. Re1 {[%clk 1:31:14]} 6... b5 {[%clk 1:31:34]} 7. Bb3 { [%clk
1:31:37]} 7... d6 {[%clk 1:31:54]} 8. c3 {[%clk 1:31:45]} 8... O-O { [%clk
1:32:03]} 9. h3 {[%clk 1:31:42]} 9... Na5 {[%clk 1:32:28]} 10. Bc2 { [%clk
1:32:05]} 10... c5 {[%clk 1:32:46]} 11. d4 {[%clk 1:32:07]} 11... Qc7 { [%clk
1:33:08]} 12. Nbd2 {[%clk 1:32:20]} 12... cxd4 {[%clk 1:33:18]} 13. cxd4 {[%clk
1:32:29]} 13... Nc6 {[%clk 1:33:12]} 14. Nb3 {[%clk 1:30:01]} 14... a5 { [%clk
1:32:35]} 15. Be3 {[%clk 1:28:03]} 15... a4 {[%clk 1:32:28]} 16. Nbd2 { [%clk
1:27:53]} 16... Bd7 {[%clk 1:30:44]} 17. Rc1 {[%clk 1:25:31]} 17... Qb7 { [%clk
1:23:28]} 18. Qe2 {[%clk 1:21:35]} 18... Rfc8 {[%clk 1:19:19]} 19. Bd3 { [%clk
1:16:15]} 19... Rab8 {[%clk 1:07:59]} 20. b3 {[%clk 1:12:29]} 20... exd4 {[%clk
0:53:14]} 21. Nxd4 {[%clk 1:10:52]} 21... Nxd4 {[%clk 0:50:14]} 22. Bxd4 {[%clk
1:11:07]} 22... axb3 {[%clk 0:47:15]} 23. Nxb3 {[%clk 1:08:22]} 23... Ra8
{[%clk 0:43:29]} 24. f4 {[%clk 0:43:08]} 24... Rxc1 {[%clk 0:38:30]} 25. Rxc1
{[%clk 0:41:21]} 25... Bc6 {[%clk 0:36:36]} 26. Re1 {[%clk 0:38:24]} 26... Qa6
{[%clk 0:28:18]} 27. Qc2 {[%clk 0:25:53]} 27... Bb7 {[%clk 0:12:56]} 28. Ra1
{[%clk 0:16:03]} 28... Qc6 {[%clk 0:10:39]} 29. Qxc6 {[%clk 0:11:47]} 29...
Bxc6 {[%clk 0:11:01]} 30. Rc1 {[%clk 0:12:07]} 30... Bd7 {[%clk 0:07:25]} 31.
Rc2 {[%clk 0:10:11]} 31... h6 {[%clk 0:04:31]} 32. Kf2 {[%clk 0:09:07]} 32...
Kf8 {[%clk 0:04:51]} 33. Ke3 {[%clk 0:08:59]} 33... Ke8 {[%clk 0:04:08]} 34.
Ba1 {[%clk 0:08:04]} 34... Bd8 {[%clk 0:03:36]} 35. Nd4 {[%clk 0:06:44]} 35...
Bb6 {[%clk 0:03:25]} 36. Kd2 {[%clk 0:04:54]} 36... Ra4 {[%clk 0:02:12]} 37.
Nxb5 {[%clk 0:03:19]} 37... Nxe4+ {[%clk 0:02:14]} 38. Ke1 {[%clk 0:03:26]}
38... g6 {[%clk 0:01:17]} 1/2-1/2

[Event "DEM U14 2018"]
[Site "Willingen GER"]
[Date "2018.05.23"]
[Round "5"]
[White "Wu, Leon"]
[Black "Haller, Luis"]
[Result "1-0"]
[Termination "normal"]
[Board "8"]
[WhiteElo "2022"]
[BlackElo "1711"]
[WhiteClock "00:20:45"]
[BlackClock "01:16:55"]
[PlyCount "53"]
[WhiteFideId "12977438"]
[BlackFideId "16209826"]
[EventCountry "GER"]
[EventRounds "9"]
[EventType "swiss"]
[EventDate "2018.05.19"]

1. e4 {[%clk 1:30:34]} 1... e6 {[%clk 1:30:55]} 2. d4 {[%clk 1:30:39]} 2... d5
{[%clk 1:31:16]} 3. Nc3 {[%clk 1:31:01]} 3... Nf6 {[%clk 1:31:41]} 4. e5 {
[%clk 1:30:06]} 4... Nfd7 {[%clk 1:32:05]} 5. f4 {[%clk 1:30:28]} 5... c5 {
[%clk 1:32:31]} 6. Nf3 {[%clk 1:29:36]} 6... Nc6 {[%clk 1:32:47]} 7. Be3 {
[%clk 1:29:37]} 7... cxd4 {[%clk 1:33:03]} 8. Nxd4 {[%clk 1:29:30]} 8... Bc5 {
[%clk 1:33:25]} 9. Qd2 {[%clk 1:24:37]} 9... O-O {[%clk 1:33:42]} 10. O-O-O {
[%clk 1:23:33]} 10... a6 {[%clk 1:33:57]} 11. Kb1 {[%clk 1:21:12]} 11... Nxd4 {
[%clk 1:34:16]} 12. Bxd4 {[%clk 1:20:52]} 12... b5 {[%clk 1:34:39]} 13. f5 {
[%clk 1:01:23]} 13... Bxd4 {[%clk 1:30:26]} 14. Qxd4 {[%clk 0:57:18]} 14... Qc7
{[%clk 1:30:24]} 15. fxe6 {[%clk 0:47:35]} 15... fxe6 {[%clk 1:30:38]} 16. Nxd5
{[%clk 0:42:57]} 16... exd5 {[%clk 1:26:41]} 17. Qxd5+ {[%clk 0:42:29]} 17...
Kh8 {[%clk 1:27:06]} 18. Qxa8 {[%clk 0:41:38]} 18... Rf2 {[%clk 1:25:56]} 19.
Bd3 {[%clk 0:37:55]} 19... Nxe5 {[%clk 1:24:59]} 20. Rhf1 {[%clk 0:37:29]}
20... Nxd3 {[%clk 1:24:07]} 21. Rxf2 {[%clk 0:37:16]} 21... Nxf2 { [%clk
1:24:25]} 22. Qf3 {[%clk 0:37:28]} 22... Be6 {[%clk 1:23:09]} 23. Qxf2 { [%clk
0:36:43]} 23... Qxh2 {[%clk 1:23:21]} 24. Rd8+ {[%clk 0:29:53]} 24... Bg8
{[%clk 1:23:24]} 25. Qe1 {[%clk 0:29:05]} 25... h6 {[%clk 1:23:00]} 26. b3 {
[%clk 0:22:22]} 26... Qh5 {[%clk 1:16:55]} 27. Qe6 {[%clk 0:20:45]} 1-0

[Event "DEM U14 2018"]
[Site "Willingen GER"]
[Date "2018.05.23"]
[Round "5"]
[White "Kölle, Tobias"]
[Black "Kamp, Adrian"]
[Result "1-0"]
[Termination "normal"]
[Board "10"]
[WhiteElo "2226"]
[BlackElo "1827"]
[WhiteClock "01:09:45"]
[BlackClock "00:44:07"]
[PlyCount "53"]
[WhiteFideId "16207378"]
[BlackFideId "16222466"]
[EventCountry "GER"]
[EventRounds "9"]
[EventType "swiss"]
[EventDate "2018.05.19"]

1. d4 {[%clk 1:30:59]} 1... Nf6 {[%clk 1:30:47]} 2. c4 {[%clk 1:31:17]} 2... g6
{[%clk 1:30:53]} 3. f3 {[%clk 1:31:38]} 3... d5 {[%clk 1:28:24]} 4. cxd5 {
[%clk 1:31:53]} 4... Nxd5 {[%clk 1:28:41]} 5. e4 {[%clk 1:32:13]} 5... Nb6 {
[%clk 1:28:22]} 6. Nc3 {[%clk 1:32:25]} 6... Bg7 {[%clk 1:27:39]} 7. Be3 {
[%clk 1:32:42]} 7... O-O {[%clk 1:26:06]} 8. Qd2 {[%clk 1:33:03]} 8... Nc6 {
[%clk 1:19:05]} 9. O-O-O {[%clk 1:32:44]} 9... e5 {[%clk 1:17:39]} 10. d5 {
[%clk 1:32:57]} 10... Nd4 {[%clk 1:13:10]} 11. f4 {[%clk 1:33:04]} 11... Bg4 {
[%clk 1:10:00]} 12. Re1 {[%clk 1:33:19]} 12... c5 {[%clk 1:10:16]} 13. h3 {
[%clk 1:33:13]} 13... Bd7 {[%clk 1:10:05]} 14. fxe5 {[%clk 1:33:18]} 14... Bxe5
{[%clk 1:10:22]} 15. Nf3 {[%clk 1:33:41]} 15... Nxf3 {[%clk 1:09:34]} 16. gxf3
{[%clk 1:34:09]} 16... Qf6 {[%clk 1:05:58]} 17. f4 {[%clk 1:33:01]} 17... Bd4 {
[%clk 1:04:45]} 18. e5 {[%clk 1:32:40]} 18... Bxe3 {[%clk 1:04:41]} 19. Qxe3 {
[%clk 1:33:08]} 19... Qh4 {[%clk 1:01:13]} 20. Bd3 {[%clk 1:31:25]} 20... Rad8
{[%clk 0:55:56]} 21. e6 {[%clk 1:28:58]} 21... fxe6 {[%clk 0:53:13]} 22. dxe6 {
[%clk 1:28:11]} 22... Rde8 {[%clk 0:53:26]} 23. f5 {[%clk 1:27:02]} 23... Bc6 {
[%clk 0:47:37]} 24. Rhg1 {[%clk 1:26:19]} 24... Rf6 {[%clk 0:47:48]} 25. Rg4 {
[%clk 1:19:20]} 25... Qh5 {[%clk 0:47:43]} 26. Rg5 {[%clk 1:14:34]} 26... Qh6 {
[%clk 0:44:07]} 27. Reg1 {[%clk 1:09:45]} 1-0

[Event "DEM U14 2018"]
[Site "Willingen GER"]
[Date "2018.05.23"]
[Round "5"]
[White "Haufe, Laurin"]
[Black "Lutz, Ruben"]
[Result "1/2-1/2"]
[Termination "normal"]
[Board "11"]
[WhiteElo "1814"]
[BlackElo "1940"]
[WhiteClock "00:47:43"]
[BlackClock "00:12:13"]
[PlyCount "65"]
[WhiteFideId "12976504"]
[BlackFideId "12975974"]
[EventCountry "GER"]
[EventRounds "9"]
[EventType "swiss"]
[EventDate "2018.05.19"]

1. e4 {[%clk 1:30:19]} 1... e6 {[%clk 1:30:51]} 2. d4 {[%clk 1:30:33]} 2... d5
{[%clk 1:31:17]} 3. Nd2 {[%clk 1:30:55]} 3... Nf6 {[%clk 1:30:47]} 4. e5 {
[%clk 1:31:19]} 4... Nfd7 {[%clk 1:31:13]} 5. f4 {[%clk 1:31:42]} 5... c5 {
[%clk 1:31:36]} 6. c3 {[%clk 1:32:07]} 6... Nc6 {[%clk 1:31:53]} 7. Ndf3 {
[%clk 1:32:32]} 7... Be7 {[%clk 1:31:31]} 8. h4 {[%clk 1:32:42]} 8... Rb8 {
[%clk 1:15:45]} 9. a3 {[%clk 1:30:18]} 9... b5 {[%clk 1:13:45]} 10. b4 { [%clk
1:28:53]} 10... cxd4 {[%clk 1:13:37]} 11. Nxd4 {[%clk 1:27:23]} 11... Nxd4
{[%clk 1:12:13]} 12. cxd4 {[%clk 1:27:48]} 12... Bxh4+ {[%clk 1:11:55]} 13. Kd2
{[%clk 1:28:14]} 13... Qb6 {[%clk 1:08:20]} 14. Bb2 {[%clk 1:25:01]} 14... Be7
{[%clk 1:08:28]} 15. Bd3 {[%clk 1:22:51]} 15... g6 {[%clk 1:06:52]} 16. Nf3
{[%clk 1:22:29]} 16... a5 {[%clk 0:59:43]} 17. Bc3 {[%clk 1:20:01]} 17... a4
{[%clk 0:42:57]} 18. g4 {[%clk 1:19:07]} 18... Qd8 {[%clk 0:36:19]} 19. g5
{[%clk 1:12:24]} 19... Bf8 {[%clk 0:32:11]} 20. Qc2 {[%clk 1:08:33]} 20... Bg7
{[%clk 0:31:20]} 21. Rh2 {[%clk 1:07:15]} 21... Ba6 {[%clk 0:27:56]} 22. Rah1
{[%clk 1:03:04]} 22... Nf8 {[%clk 0:27:54]} 23. Ne1 {[%clk 1:02:46]} 23... Qb6
{[%clk 0:21:50]} 24. Be2 {[%clk 1:01:09]} 24... Bc8 {[%clk 0:19:29]} 25. Nd3
{[%clk 1:00:45]} 25... Bd7 {[%clk 0:18:39]} 26. Nc5 {[%clk 0:59:44]} 26... Ke7
{[%clk 0:18:09]} 27. Bg4 {[%clk 0:57:01]} 27... Bc6 {[%clk 0:15:11]} 28. Rh3
{[%clk 0:56:18]} 28... Be8 {[%clk 0:13:55]} 29. Bb2 {[%clk 0:55:56]} 29... Rc8
{[%clk 0:14:07]} 30. Qd3 {[%clk 0:55:15]} 30... Rb8 {[%clk 0:13:36]} 31. Qc3
{[%clk 0:54:39]} 31... Qa7 {[%clk 0:12:39]} 32. Nd3 {[%clk 0:49:10]} 32... Bd7
{[%clk 0:12:13]} 33. Nc5 {[%clk 0:47:43]} 1/2-1/2

[Event "DEM U14 2018"]
[Site "Willingen GER"]
[Date "2018.05.23"]
[Round "5"]
[White "Yi, Danny"]
[Black "Hetzner, Hannes"]
[Result "1-0"]
[Termination "normal"]
[Board "12"]
[WhiteElo "2074"]
[BlackElo "1868"]
[WhiteClock "00:56:11"]
[BlackClock "00:39:18"]
[PlyCount "41"]
[WhiteFideId "12988588"]
[BlackFideId "16211936"]
[EventCountry "GER"]
[EventRounds "9"]
[EventType "swiss"]
[EventDate "2018.05.19"]

1. e4 {[%clk 1:30:57]} 1... e6 {[%clk 1:30:55]} 2. d4 {[%clk 1:31:23]} 2... d5
{[%clk 1:31:20]} 3. Nd2 {[%clk 1:31:48]} 3... Nf6 {[%clk 1:31:46]} 4. e5 {
[%clk 1:32:15]} 4... Nfd7 {[%clk 1:32:11]} 5. Bd3 {[%clk 1:32:41]} 5... c5 {
[%clk 1:32:35]} 6. c3 {[%clk 1:33:05]} 6... Nc6 {[%clk 1:33:01]} 7. Ne2 { [%clk
1:33:11]} 7... cxd4 {[%clk 1:33:26]} 8. cxd4 {[%clk 1:33:35]} 8... f6 { [%clk
1:33:51]} 9. exf6 {[%clk 1:34:00]} 9... Nxf6 {[%clk 1:34:16]} 10. O-O { [%clk
1:33:46]} 10... Bd6 {[%clk 1:34:41]} 11. Nf3 {[%clk 1:33:57]} 11... O-O { [%clk
1:35:04]} 12. h3 {[%clk 1:33:05]} 12... Nh5 {[%clk 1:26:02]} 13. Nc3 { [%clk
1:25:37]} 13... Nf4 {[%clk 1:21:20]} 14. Bxf4 {[%clk 1:18:56]} 14... Rxf4
{[%clk 1:18:15]} 15. g3 {[%clk 1:09:15]} 15... Rf6 {[%clk 1:11:22]} 16. Re1 {
[%clk 1:07:37]} 16... Qf8 {[%clk 1:06:22]} 17. Re3 {[%clk 1:02:50]} 17... e5 {
[%clk 0:43:48]} 18. Nxd5 {[%clk 0:58:13]} 18... Rf7 {[%clk 0:43:04]} 19. Ng5 {
[%clk 0:57:01]} 19... Rxf2 {[%clk 0:39:06]} 20. Bxh7+ {[%clk 0:56:23]} 20...
Kh8 {[%clk 0:39:18]} 21. Qh5 {[%clk 0:56:11]} 1-0

[Event "DEM U14 2018"]
[Site "Willingen GER"]
[Date "2018.05.23"]
[Round "5"]
[White "Pahl, Theis"]
[Black "Astner, Sebastian"]
[Result "1-0"]
[Termination "normal"]
[Board "13"]
[WhiteElo "1987"]
[BlackElo "1860"]
[WhiteClock "00:58:08"]
[BlackClock "00:23:01"]
[PlyCount "53"]
[WhiteFideId "16201264"]
[BlackFideId "12979422"]
[EventCountry "GER"]
[EventRounds "9"]
[EventType "swiss"]
[EventDate "2018.05.19"]

1. e4 {[%clk 1:30:57]} 1... c5 {[%clk 1:30:54]} 2. Nf3 {[%clk 1:31:20]} 2... d6
{[%clk 1:31:15]} 3. d4 {[%clk 1:31:45]} 3... cxd4 {[%clk 1:31:39]} 4. Nxd4 {
[%clk 1:32:11]} 4... Nf6 {[%clk 1:32:00]} 5. Nc3 {[%clk 1:32:36]} 5... g6 {
[%clk 1:32:24]} 6. Be3 {[%clk 1:32:55]} 6... Bg7 {[%clk 1:32:48]} 7. f3 { [%clk
1:33:20]} 7... O-O {[%clk 1:33:11]} 8. Qd2 {[%clk 1:33:43]} 8... Nc6 { [%clk
1:33:34]} 9. O-O-O {[%clk 1:34:04]} 9... Nxd4 {[%clk 1:33:53]} 10. Bxd4 { [%clk
1:33:23]} 10... Be6 {[%clk 1:34:05]} 11. Kb1 {[%clk 1:31:49]} 11... Qc7 { [%clk
1:32:59]} 12. Nd5 {[%clk 1:24:05]} 12... Bxd5 {[%clk 1:31:33]} 13. exd5 { [%clk
1:23:36]} 13... Rfc8 {[%clk 1:30:31]} 14. Rc1 {[%clk 1:22:43]} 14... a5 { [%clk
1:16:52]} 15. g4 {[%clk 1:16:30]} 15... a4 {[%clk 1:12:11]} 16. c4 { [%clk
1:13:05]} 16... Nd7 {[%clk 0:50:44]} 17. Bxg7 {[%clk 1:08:59]} 17... Kxg7
{[%clk 0:50:50]} 18. h4 {[%clk 1:07:52]} 18... Rf8 {[%clk 0:32:40]} 19. h5 {
[%clk 1:06:13]} 19... Kg8 {[%clk 0:31:47]} 20. Qh6 {[%clk 1:04:59]} 20... Nf6 {
[%clk 0:31:59]} 21. Bd3 {[%clk 1:04:42]} 21... Qb6 {[%clk 0:31:03]} 22. c5 {
[%clk 1:02:14]} 22... dxc5 {[%clk 0:29:03]} 23. g5 {[%clk 1:01:37]} 23... a3 {
[%clk 0:27:07]} 24. Rc2 {[%clk 1:00:28]} 24... Nxd5 {[%clk 0:24:18]} 25. hxg6 {
[%clk 0:59:37]} 25... Nc3+ {[%clk 0:24:39]} 26. Kc1 {[%clk 0:58:27]} 26...
axb2+ {[%clk 0:23:01]} 27. Rxb2 {[%clk 0:58:08]} 1-0

[Event "DEM U14 2018"]
[Site "Willingen GER"]
[Date "2018.05.23"]
[Round "5"]
[White "Kanzow, Alexander"]
[Black "Arakelian, Aik"]
[Result "1-0"]
[Termination "normal"]
[Board "14"]
[WhiteElo "1631"]
[BlackElo "1932"]
[WhiteClock "01:16:54"]
[BlackClock "00:21:08"]
[PlyCount "145"]
[WhiteFideId "16225414"]
[BlackFideId "16220340"]
[EventCountry "GER"]
[EventRounds "9"]
[EventType "swiss"]
[EventDate "2018.05.19"]

1. d4 {[%clk 1:30:57]} 1... d5 {[%clk 1:29:14]} 2. Nf3 {[%clk 1:31:19]} 2...
Nf6 {[%clk 1:29:24]} 3. Bg5 {[%clk 1:31:42]} 3... Nbd7 {[%clk 1:29:19]} 4. e3 {
[%clk 1:31:58]} 4... h6 {[%clk 1:29:41]} 5. Bxf6 {[%clk 1:32:22]} 5... Nxf6 {
[%clk 1:29:57]} 6. Bd3 {[%clk 1:32:46]} 6... e6 {[%clk 1:30:12]} 7. O-O { [%clk
1:33:01]} 7... Bd6 {[%clk 1:30:33]} 8. Nbd2 {[%clk 1:33:19]} 8... O-O { [%clk
1:27:04]} 9. Qe2 {[%clk 1:33:14]} 9... a6 {[%clk 1:24:46]} 10. c3 { [%clk
1:33:02]} 10... b6 {[%clk 1:23:08]} 11. e4 {[%clk 1:32:35]} 11... dxe4 { [%clk
1:22:26]} 12. Nxe4 {[%clk 1:32:50]} 12... Bb7 {[%clk 1:22:35]} 13. Nxf6+ {[%clk
1:28:40]} 13... Qxf6 {[%clk 1:22:28]} 14. Be4 {[%clk 1:28:57]} 14... Bxe4
{[%clk 1:12:21]} 15. Qxe4 {[%clk 1:29:17]} 15... b5 {[%clk 1:12:45]} 16. Ne5
{[%clk 1:24:35]} 16... Rfc8 {[%clk 1:08:19]} 17. Rfd1 {[%clk 1:22:24]} 17... a5
{[%clk 0:52:23]} 18. Rd3 {[%clk 1:19:43]} 18... Bxe5 {[%clk 0:47:45]} 19. Qxe5
{[%clk 1:17:27]} 19... Qxe5 {[%clk 0:47:14]} 20. dxe5 {[%clk 1:17:49]} 20...
Rd8 {[%clk 0:47:35]} 21. Rad1 {[%clk 1:17:59]} 21... Rxd3 {[%clk 0:47:22] } 22.
Rxd3 {[%clk 1:18:21]} 22... Kf8 {[%clk 0:47:44]} 23. Kf1 {[%clk 1:18:20]} 23...
Ke7 {[%clk 0:48:01]} 24. Ke2 {[%clk 1:18:36]} 24... c5 {[%clk 0:47:18]} 25. Rd6
{[%clk 1:17:36]} 25... b4 {[%clk 0:45:47]} 26. c4 {[%clk 1:17:03]} 26... f6
{[%clk 0:43:55]} 27. Rc6 {[%clk 1:17:16]} 27... fxe5 {[%clk 0:44:17]} 28. Rxc5
{[%clk 1:17:39]} 28... Kd6 {[%clk 0:43:28]} 29. Rb5 {[%clk 1:18:02]} 29... Rc8
{[%clk 0:35:22]} 30. b3 {[%clk 1:18:23]} 30... Ra8 {[%clk 0:35:23]} 31. Rb7
{[%clk 1:18:34]} 31... a4 {[%clk 0:34:35]} 32. Rxb4 {[%clk 1:18:46]} 32... axb3
{[%clk 0:35:00]} 33. axb3 {[%clk 1:19:12]} 33... Kc5 {[%clk 0:32:42] } 34. Rb7
{[%clk 1:18:28]} 34... Ra2+ 35. Ke3 {[%clk 1:18:40]} 35... Rb2 { [%clk
0:31:56]} 36. Rb5+ {[%clk 1:18:12]} 36... Kd6 {[%clk 0:32:08]} 37. b4 { [%clk
1:18:13]} 37... Rc2 {[%clk 0:32:05]} 38. c5+ {[%clk 1:17:25]} 38... Kd5 { [%clk
0:32:30]} 39. Rb6 {[%clk 1:17:17]} 39... Rc3+ {[%clk 0:31:25]} 40. Kd2 { [%clk
1:17:08]} 40... Ra3 {[%clk 0:31:40]} 41. Rd6+ {[%clk 1:17:08]} 41... Kc4 {[%clk
0:30:34]} 42. Rxe6 {[%clk 1:17:22]} 42... Kxb4 {[%clk 0:30:19]} 43. Rxe5 {[%clk
1:17:37]} 43... Ra6 {[%clk 0:25:47]} 44. Kd3 {[%clk 1:17:18]} 44... Rf6 {[%clk
0:25:11]} 45. f3 {[%clk 1:17:26]} 45... Kb5 {[%clk 0:25:09]} 46. Kd4 { [%clk
1:17:05]} 46... Kc6 {[%clk 0:24:50]} 47. Ke4 {[%clk 1:16:10]} 47... Rf7 { [%clk
0:24:31]} 48. f4 {[%clk 1:15:47]} 48... Ra7 {[%clk 0:23:04]} 49. g3 { [%clk
1:15:52]} 49... Rf7 {[%clk 0:22:55]} 50. h4 {[%clk 1:15:15]} 50... Rf6 { [%clk
0:22:26]} 51. g4 {[%clk 1:14:32]} 51... Rf7 {[%clk 0:22:29]} 52. f5 { [%clk
1:14:01]} 52... Ra7 {[%clk 0:22:37]} 53. Rd5 {[%clk 1:13:19]} 53... Ra1 { [%clk
0:22:19]} 54. Rd6+ {[%clk 1:12:41]} 54... Kxc5 {[%clk 0:22:37]} 55. Rd7 { [%clk
1:12:59]} 55... Ra4+ {[%clk 0:22:03]} 56. Kf3 {[%clk 1:13:07]} 56... Ra3+
{[%clk 0:21:39]} 57. Ke2 {[%clk 1:13:24]} 57... h5 {[%clk 0:20:45]} 58. g5 {
[%clk 1:13:11]} 58... Ra2+ {[%clk 0:20:00]} 59. Kf3 {[%clk 1:13:32]} 59... Ra3+
{[%clk 0:20:26]} 60. Ke4 {[%clk 1:13:46]} 60... Ra4+ {[%clk 0:20:28]} 61. Ke5 {
[%clk 1:13:14]} 61... Rxh4 {[%clk 0:20:35]} 62. Rxg7 {[%clk 1:13:40]} 62... Rh1
{[%clk 0:20:56]} 63. Rh7 {[%clk 1:13:49]} 63... h4 {[%clk 0:19:59]} 64. g6 {
[%clk 1:14:09]} 64... h3 {[%clk 0:20:08]} 65. Kf6 {[%clk 1:14:32]} 65... Ra1 {
[%clk 0:19:13]} 66. Rxh3 {[%clk 1:14:53]} 66... Ra6+ {[%clk 0:19:36]} 67. Kg7 {
[%clk 1:15:10]} 67... Kd6 {[%clk 0:19:41]} 68. Re3 {[%clk 1:15:32]} 68... Ra7+
{[%clk 0:19:54]} 69. Kg8 {[%clk 1:15:37]} 69... Ra8+ {[%clk 0:20:15]} 70. Kh7 {
[%clk 1:16:03]} 70... Ra1 {[%clk 0:20:28]} 71. g7 {[%clk 1:16:08]} 71... Rh1+ {
[%clk 0:20:50]} 72. Kg6 {[%clk 1:16:33]} 72... Rg1+ {[%clk 0:21:08]} 73. Kf7 {
[%clk 1:16:54]} 1-0